| 000 | 00567nam a2200193Ia 4500 | ||
|---|---|---|---|
| 008 | 140429s9999 xx 000 0 und d | ||
| 020 | _a9781604537710 | ||
| 050 |
_aGV 943.25 _b.D66 2010 |
||
| 100 | _aDolphin, Colleen | ||
| 245 |
_aSoccer by the numbers / _cColleen Dolphin. |
||
| 260 |
_aMinnesota : _bABDO Pub., _cc2010. |
||
| 300 |
_a24 p. : _bcol. ill. ; _c20 cm. |
||
| 440 | _a(Teams sports by the numbers) | ||
| 521 | _aGE | ||
| 650 |
_aArithmetic _xJuvenile literature. |
||
| 650 |
_aSoccer _xJuvenile literature. |
||
| 942 |
_kFOR _cBK |
||
| 999 |
_c115638 _d115638 |
||